00535nam a22001937a 450000500170000001000130001702000220003003500130005203700160006504000120008108200200009324500580011326000350017127000210020630000260022750000400025365000290029365000190032220170124110251.0 aA-235808 c00.00a0861873874 aA-235808 bCen Lib/Ret aDPLbEN a301.430953bSOC aSocial science research and women in the arab world / aLondon bFrances Pinter c1984 aLondon bLondon  aviii,175p. c22cm(Hb) aIncludes Bibliographical reference  aWomen--Social conditions aArab countries